Les buteurs de l'Espagne au Championnat d'Europe de football 2016 - Statistiques

Statistiques générales
  • Ce quiz a été pris 34 fois
  • Le résultat moyen est 4 sur 5
Statistiques - réponses
Match Minute Buteur % Correct
Espagne - Turquie 3-0 34' Álvaro Morata
100%
Spanien - Türkei 3-0 48' Álvaro Morata
100%
Croatie - Espagne 2-1 7' Álvaro Morata
100%
Espagne - République tchèque 1-0 87' Gerard Piqué
42%
Spanien - Türkei 3-0 37' Nolito
10%
Aucun quiz correspondant
Distribution des résultats
% des personnes avec chaque résultat
Percentile par nombre de réponses
Votre historique - résultats
Vous n’avez pas pris ce quiz